000 00732cam a2200289 4500
001 J84839
008 090401t1997 xxu||||| |||| 00| 0 eng d
035 _a(Sirsi) u79251
041 _aeng
050 _a333.33
110 _aValuation Office
_9264
245 _aProperty market report. - Spring 1997
260 _aLondon
_bValuation Office
_c1997
300 _a102p. ; 30cm.
350 _a35
490 _aProperty Market Report
_vSpring 1997
650 _aFARM LAND
650 _aINDUSTRIAL PROPERTY
650 _aINVESTMENT
650 _aOFFICES
650 _aRESIDENTIAL PROPERTY
_96266
650 _aRETAIL
650 _aSHOPS
690 _aPROPERTY-COMMERCIAL PROPERTY
942 _n0
948 _c26/06/1997
999 _c96516
_d96516